[Event "4NCL Division 2b"]
[Site "Telford, ENG"]
[Date "2017.11.12"]
[Round "2.74"]
[White "Mason, Donald J"]
[Black "Golding, James"]
[Result "1-0"]
[WhiteElo "2200"]
[BlackElo "2051"]
[PlyCount "67"]
[EventDate "2017.11.12"]
[WhiteTeam "Warwickshire Select 1"]
[BlackTeam "KJCA Kings"]

1. e4 e5 2. Bc4 Nc6 3. Nf3 Nf6 4. d3 Bc5 5. c3 d6 6. Bb3 Bb6 7. Nbd2 Be6 8. Nc4
h6 9. Nxb6 axb6 10. Bxe6 fxe6 11. O-O O-O 12. Re1 Qe8 13. b4 Kh7 14. d4 exd4
15. Nxd4 e5 16. Nf3 Nd8 17. a4 Ne6 18. Ra2 g5 19. Nd2 Nf4 20. Nf1 Qf7 21. Rb2
Qg6 22. f3 h5 23. Ng3 g4 24. Bxf4 exf4 25. Nf5 Qg5 26. a5 gxf3 27. axb6 d5 28.
bxc7 dxe4 29. Nd6 Rg8 30. Nxe4 Nxe4 31. Rxe4 fxg2 32. Qd7+ Rg7 33. Qd3 Ra1+ 34.
Re1+ 1-0

[Event "4NCL Division 2b"]
[Site "Telford, ENG"]
[Date "2017.11.12"]
[Round "2.75"]
[White "Young, Daniel J"]
[Black "Shephard, Chris C W"]
[Result "0-1"]
[WhiteElo "1993"]
[BlackElo "2208"]
[PlyCount "184"]
[EventDate "2017.11.12"]
[WhiteTeam "KJCA Kings"]
[BlackTeam "Warwickshire Select 1"]

1. e4 c5 2. Nf3 Nc6 3. Bb5 d6 4. O-O e5 5. c3 a6 6. Ba4 Nf6 7. d4 b5 8. Bb3 Qc7
9. d5 Nd8 10. Nbd2 Be7 11. h3 O-O 12. Re1 Ne8 13. a4 Rb8 14. axb5 axb5 15. Nf1
g6 16. N3h2 f6 17. Bc2 Ng7 18. b4 Nf7 19. Bd3 Bd7 20. Qe2 c4 21. Bc2 Ra8 22.
Be3 Rfb8 23. f4 exf4 24. Bxf4 Qc8 25. Nf3 Rxa1 26. Rxa1 Ra8 27. Qd1 Ne5 28.
Nxe5 fxe5 29. Be3 Nh5 30. Nd2 Bf6 31. Nf3 Bg7 32. Kh2 h6 33. Qc1 Kh7 34. Ra3
Rxa3 35. Qxa3 Nf4 36. Qc1 Qf8 37. Qd2 Nxh3 38. Bd1 Nf4 39. Kg1 Nh5 40. Qa2 Nf6
41. Qa7 Qe7 42. Bc2 Bf8 43. Nd2 Be8 44. Qb8 Qd7 45. Nb1 Be7 46. Bb6 Kg7 47. Na3
h5 48. Bc7 Ng4 49. Bd1 Nh6 50. Be2 Nf7 51. Kf2 Ng5 52. Bf3 Kf8 53. Nc2 Nf7 54.
Be2 Bd8 55. Ba5 Bh4+ 56. Kg1 Bg5 57. Na3 Bd2 58. Nb1 Be3+ 59. Kf1 Ng5 60. Bf3
Nf7 61. Bc7 Bg5 62. Ke2 Bd8 63. Ba5 Be7 64. Bc7 Nh6 65. Nd2 Nf7 66. Nb1 Kg7 67.
Nd2 Nh6 68. Nb1 g5 69. Kf2 g4 70. Be2 Nf7 71. Nd2 Bd8 72. Ba5 Bg5 73. Nf1 Be7
74. Ne3 Nh6 75. Bc7 h4 76. Kg1 g3 77. Bf3 Bg5 78. Nf1 Nf7 79. Bh5 Kh6 80. Bxf7
Qxf7 81. Qb6 Be7 82. Nd2 Qf4 83. Nf1 Kh5 84. Qe3 Qxe3+ 85. Nxe3 Bd7 86. Nc2 Kg4
87. Ne3+ Kg5 88. Nf5 Bxf5 89. exf5 Kxf5 90. Kf1 Kg4 91. Bb6 Kf4 92. Ke2 Ke4 0-1

[Event "4NCL Division 2b"]
[Site "Telford, ENG"]
[Date "2017.11.12"]
[Round "2.76"]
[White "Baruch, Andrew J D"]
[Black "Bansal, Rohan"]
[Result "1/2-1/2"]
[WhiteElo "2092"]
[BlackElo "1973"]
[PlyCount "46"]
[EventDate "2017.11.12"]
[WhiteTeam "Warwickshire Select 1"]
[BlackTeam "KJCA Kings"]

1. g3 d5 2. c4 c6 3. Bg2 Nf6 4. Nf3 Bf5 5. b3 e6 6. Bb2 h6 7. O-O Be7 8. d3
Nbd7 9. Nbd2 O-O 10. Rc1 Bh7 11. Rc2 a5 12. a3 Ne8 13. Qa1 Bf6 14. Rfc1 Bxb2
15. Qxb2 Qf6 16. Bh3 Qxb2 17. Rxb2 Ndf6 18. Ne5 Nd6 19. Ndf3 Rfd8 20. c5 Nf5
21. g4 Ne7 22. g5 Nd7 23. Nxd7 Rxd7 1/2-1/2

[Event "4NCL Division 2b"]
[Site "Telford, ENG"]
[Date "2017.11.12"]
[Round "2.77"]
[White "Haridas, Girinath"]
[Black "Fallowfield, Jeremy R"]
[Result "1/2-1/2"]
[WhiteElo "1903"]
[BlackElo "2147"]
[PlyCount "59"]
[EventDate "2017.11.12"]
[WhiteTeam "KJCA Kings"]
[BlackTeam "Warwickshire Select 1"]

1. d4 Nf6 2. c4 e6 3. Nc3 Bb4 4. e3 O-O 5. Nge2 c6 6. a3 Ba5 7. b4 Bc7 8. Ng3
d5 9. Be2 dxc4 10. Bxc4 e5 11. d5 cxd5 12. Nxd5 Nxd5 13. Bxd5 Nd7 14. Bb2 Nf6
15. Bb3 a5 16. O-O Qe7 17. b5 Bg4 18. f3 Be6 19. Bxe6 Qxe6 20. e4 Rfd8 21. Qd2
Bb6+ 22. Kh1 Bd4 23. Nf5 Bxb2 24. Qxb2 Rd3 25. Rfd1 Rad8 26. Rxd3 Rxd3 27. Qc2
Rd8 28. Rd1 Rxd1+ 29. Qxd1 Qd7 30. Qxd7 1/2-1/2

[Event "4NCL Division 2b"]
[Site "Telford, ENG"]
[Date "2017.11.12"]
[Round "2.78"]
[White "Donegan, Kate M"]
[Black "Ng Chung Lok Andrew"]
[Result "0-1"]
[WhiteElo "1833"]
[BlackElo "1813"]
[PlyCount "186"]
[EventDate "2017.11.12"]
[WhiteTeam "Warwickshire Select 1"]
[BlackTeam "KJCA Kings"]

1. e4 c5 2. c3 Nf6 3. e5 Nd5 4. d4 cxd4 5. cxd4 Nc6 6. Nf3 d6 7. Be2 Bf5 8. Qb3
Ndb4 9. Na3 Be6 10. Bc4 Bxc4 11. Qxc4 d5 12. Qe2 e6 13. Bg5 Qb6 14. O-O h6 15.
Bh4 a6 16. Rfd1 Be7 17. Bxe7 Nxe7 18. Nc2 Nxc2 19. Qxc2 O-O 20. b3 Rac8 21. Qd2
Rc7 22. Rac1 Rfc8 23. g4 Nc6 24. Kg2 Na7 25. g5 hxg5 26. Rxc7 Qxc7 27. Qxg5 Qc2
28. Rd2 Qe4 29. Qh4 Qxh4 30. Nxh4 Rc3 31. f4 Nc6 32. Nf3 Ne7 33. Nh4 g6 34. h3
Kf8 35. Kh2 Ke8 36. Kg2 Kd7 37. Nf3 Nf5 38. Kf2 Ke7 39. Ng5 Nh4 40. Ke2 Ng2 41.
Kd1 Nxf4 42. Rc2 Rxc2 43. Kxc2 Ne2 44. Nf3 Ng3 45. Kc3 Ne4+ 46. Kb4 Kd7 47. Ka5
Kc7 48. b4 Nc3 49. Ng5 Ne2 50. Nf3 Ng3 51. Ng5 Nf5 52. Nf3 Ne7 53. b5 axb5 54.
Kxb5 Nc6 55. a4 b6 56. Ka6 Nb4+ 57. Kb5 Nc2 58. h4 Kb7 59. a5 bxa5 60. Kxa5 Kc7
61. Kb5 Kd7 62. Ka4 Ke7 63. Kb3 Ne3 64. Kc3 f5 65. exf6+ Kxf6 66. Kd3 Nc4 67.
Ke2 Kf5 68. Kf2 e5 69. dxe5 Nxe5 70. Ng1 d4 71. Ne2 d3 72. Nc3 Kf4 73. Nd5+ Kg4
74. Nc3 Nc4 75. Nd1 Kf4 76. Ke1 Kf3 77. Nc3 d2+ 78. Kd1 Ke3 79. Nd5+ Ke4 80.
Nb4 Kd4 81. Na2 Kd3 82. Nb4+ Ke4 83. Kc2 Kf3 84. Na2 Ke3 85. Nc3 Ne5 86. Nd1+
Ke2 87. Nc3+ Ke1 88. Nd1 Nc4 89. Nc3 Ne3+ 90. Kd3 Nd5 91. Nxd5 d1=Q+ 92. Ke4
Qg4+ 93. Nf4 Qxh4 0-1

[Event "4NCL Division 2b"]
[Site "Telford, ENG"]
[Date "2017.11.12"]
[Round "2.81"]
[White "Scott, Gordon W"]
[Black "Harley, Andrew D"]
[Result "1/2-1/2"]
[WhiteElo "2223"]
[BlackElo "2193"]
[PlyCount "53"]
[EventDate "2017.11.12"]
[WhiteTeam "Anglian Avengers 1"]
[BlackTeam "Poisoned Pawns 1"]

1. d4 e6 2. c4 Nf6 3. g3 d5 4. Nf3 dxc4 5. Bg2 a6 6. O-O Nc6 7. e3 Bd7 8. Qe2
Bd6 9. Qxc4 O-O 10. Nc3 Qe7 11. Qe2 h6 12. Re1 Rfe8 13. h3 Rab8 14. e4 e5 15.
dxe5 Nxe5 16. Nxe5 Bxe5 17. f4 Bd4+ 18. Be3 Bxe3+ 19. Qxe3 Bc6 20. Rad1 Rbd8
21. e5 Bxg2 22. Kxg2 Nd7 23. f5 Qc5 24. e6 fxe6 25. fxe6 Qxe3 26. Rxe3 Nf6 27.
Rxd8 1/2-1/2

[Event "4NCL Division 2b"]
[Site "Telford, ENG"]
[Date "2017.11.12"]
[Round "2.82"]
[White "Swanson, Stephen"]
[Black "Oyama, Akito"]
[Result "1-0"]
[WhiteElo "2179"]
[BlackElo "2245"]
[PlyCount "79"]
[EventDate "2017.11.12"]
[WhiteTeam "Poisoned Pawns 1"]
[BlackTeam "Anglian Avengers 1"]

1. e4 c5 2. Nf3 Nc6 3. d3 g6 4. g3 Bg7 5. Bg2 e5 6. O-O Nge7 7. Be3 b6 8. Qd2
Bb7 9. Bh6 O-O 10. Bxg7 Kxg7 11. Na3 d5 12. c3 Qd7 13. Rfe1 d4 14. cxd4 cxd4
15. Nc4 f6 16. a4 Ba6 17. b3 Bxc4 18. bxc4 Rac8 19. Reb1 Na5 20. h4 Rc7 21. Kh2
Nb7 22. Bh3 Qd6 23. h5 g5 24. Ne1 Nc6 25. Nc2 Nc5 26. Nb4 Nxb4 27. Qxb4 Rd8 28.
Qd2 Rb7 29. Bf1 Rdb8 30. Qd1 a6 31. Rb2 Qc6 32. Kg1 Qd7 33. Be2 b5 34. Bg4 bxc4
35. h6+ Kxh6 36. Bxd7 Rxb2 37. Qg4 Nxd3 38. Qh3+ Kg7 39. Qe6 Rf8 40. Bc8 1-0

[Event "4NCL Division 2b"]
[Site "Telford, ENG"]
[Date "2017.11.12"]
[Round "2.83"]
[White "Plueg, Andreas"]
[Black "Clark, Kevin R"]
[Result "1-0"]
[WhiteElo "2280"]
[BlackElo "2157"]
[PlyCount "63"]
[EventDate "2017.11.12"]
[WhiteTeam "Anglian Avengers 1"]
[BlackTeam "Poisoned Pawns 1"]

1. d4 Nf6 2. Nf3 b5 3. Bf4 e6 4. e3 a6 5. h3 c5 6. c3 Nc6 7. Nbd2 d5 8. Bd3 Bb7
9. O-O Be7 10. a4 b4 11. Qe2 O-O 12. Rac1 bxc3 13. bxc3 cxd4 14. cxd4 Nb4 15.
Ne5 Nxd3 16. Qxd3 Bd6 17. Rb1 Qe7 18. Rb6 Qc7 19. Rfb1 Rfb8 20. Rxd6 Qxd6 21.
Nxf7 Qd7 22. Bxb8 Rxb8 23. Ne5 Qxa4 24. Rb6 Nd7 25. Nxd7 Qxd7 26. Nf3 Rc8 27.
Qb1 Rc7 28. Ng5 g6 29. Nxe6 Rc6 30. Nc5 Rxc5 31. dxc5 Bc6 32. Rxc6 1-0

[Event "4NCL Division 2b"]
[Site "Telford, ENG"]
[Date "2017.11.12"]
[Round "2.84"]
[White "Byway, Paul V"]
[Black "Talsma, Paul"]
[Result "1/2-1/2"]
[WhiteElo "2080"]
[BlackElo "2192"]
[PlyCount "42"]
[EventDate "2017.11.12"]
[WhiteTeam "Poisoned Pawns 1"]
[BlackTeam "Anglian Avengers 1"]

1. Nf3 f5 2. c4 Nf6 3. g3 g6 4. Bg2 Bg7 5. O-O O-O 6. Nc3 d6 7. d4 Qe8 8. d5 a5
9. Bd2 Na6 10. Qc1 Bd7 11. Bh6 Qf7 12. Bxg7 Qxg7 13. Qd2 Nc5 14. Rac1 h6 15.
Nd4 g5 16. f4 gxf4 17. Rxf4 Qg5 18. Nf3 Qg6 19. Nh4 Qg5 20. Nf3 Qg6 21. Nh4 Qg5
1/2-1/2

[Event "4NCL Division 2b"]
[Site "Telford, ENG"]
[Date "2017.11.12"]
[Round "2.85"]
[White "Moore, Graham J"]
[Black "Davison, Chris"]
[Result "0-1"]
[WhiteElo "2201"]
[BlackElo "2070"]
[PlyCount "52"]
[EventDate "2017.11.12"]
[WhiteTeam "Anglian Avengers 1"]
[BlackTeam "Poisoned Pawns 1"]

1. e4 d6 2. d4 Nf6 3. Nc3 e5 4. Nge2 Nbd7 5. h3 Be7 6. g4 h6 7. Bg2 c6 8. O-O
Qc7 9. a4 g5 10. Qd3 Nf8 11. Qc4 Ne6 12. dxe5 dxe5 13. Ng3 h5 14. gxh5 Nxh5 15.
Nf5 Nhf4 16. Bxf4 Nxf4 17. Rfd1 Kf8 18. Nb5 Qb6 19. Nxe7 Kxe7 20. Qb4+ Kf6 21.
Rd6+ Kg7 22. c4 Bxh3 23. Bf1 Bxf1 24. Rxf1 Rh4 25. Rh6 Rxh6 26. c5 Rah8 0-1

[Event "4NCL Division 2b"]
[Site "Telford, ENG"]
[Date "2017.11.12"]
[Round "2.86"]
[White "Rosen, Daniel B"]
[Black "Gallagher, Daniel GH"]
[Result "0-1"]
[WhiteElo "2037"]
[BlackElo "2196"]
[PlyCount "64"]
[EventDate "2017.11.12"]
[WhiteTeam "Poisoned Pawns 1"]
[BlackTeam "Anglian Avengers 1"]

1. e4 c5 2. Nc3 Nc6 3. g3 g6 4. Bg2 Bg7 5. d3 d6 6. Nge2 h5 7. h4 Nf6 8. Bg5
Bg4 9. f3 Bd7 10. Qd2 Rb8 11. Nd1 b5 12. Be3 a5 13. d4 cxd4 14. Nxd4 Ne5 15. b3
Qc7 16. Rc1 O-O 17. Nb2 d5 18. f4 Neg4 19. e5 Nxe3 20. Qxe3 Ng4 21. Qd2 Nxe5
22. c3 Ng4 23. Bxd5 e5 24. Ne2 Qc5 25. Nd1 Rbd8 26. c4 Bc6 27. Nec3 exf4 28.
gxf4 Rfe8+ 29. Kf1 bxc4 30. bxc4 Qxc4+ 31. Bxc4 Rxd2 32. Rh3 Bg2+ 0-1

[Event "4NCL Division 2b"]
[Site "Telford, ENG"]
[Date "2017.11.12"]
[Round "2.87"]
[White "Gregory, Stephen J"]
[Black "Goodger, Martyn"]
[Result "0-1"]
[WhiteElo "2140"]
[BlackElo "2015"]
[PlyCount "94"]
[EventDate "2017.11.12"]
[WhiteTeam "Anglian Avengers 1"]
[BlackTeam "Poisoned Pawns 1"]

1. e4 d6 2. d4 Nf6 3. Nc3 Nbd7 4. Be2 e5 5. d5 Be7 6. Be3 O-O 7. Qd2 c6 8. f3
cxd5 9. exd5 Nh5 10. O-O-O f5 11. Kb1 Nhf6 12. g4 f4 13. Bf2 a6 14. h4 b5 15.
h5 Nb6 16. g5 Ne8 17. Ne4 Bb7 18. Bxb6 Qxb6 19. Nh3 Nc7 20. c4 bxc4 21. Bxc4
Nb5 22. Qb4 Rac8 23. Ka1 Qa7 24. Bxb5 axb5 25. Qxb5 Ba6 26. Qa5 Rb8 27. h6 Qb7
28. Qa3 Bc4 29. hxg7 Kxg7 30. Rc1 Bxd5 31. b3 Bxe4 32. fxe4 Qxe4 33. Qb2 Rbc8
34. Nf2 Qf3 35. Rhe1 Bxg5 36. Ne4 Be7 37. Nd2 Rxc1+ 38. Qxc1 Qd3 39. Ne4 Qd4+
40. Kb1 Qd3+ 41. Kb2 Kh8 42. Qc7 Bh4 43. Rh1 Qxe4 44. Rxh4 Qe2+ 45. Ka3 Ra8+
46. Kb4 Qe1+ 47. Kb5 Qxh4 0-1

[Event "4NCL Division 2b"]
[Site "Telford, ENG"]
[Date "2017.11.12"]
[Round "2.88"]
[White "Mountford, Corinne"]
[Black "Peck, Silas"]
[Result "0-1"]
[WhiteElo "1705"]
[BlackElo "2125"]
[PlyCount "88"]
[EventDate "2017.11.12"]
[WhiteTeam "Poisoned Pawns 1"]
[BlackTeam "Anglian Avengers 1"]

1. d4 d5 2. c4 e6 3. cxd5 exd5 4. a3 Nf6 5. e3 c6 6. Nf3 Bd6 7. Bd3 Qe7 8. O-O
Bg4 9. Nbd2 Ne4 10. Be2 f5 11. h3 Bh5 12. Ne1 Bf7 13. Nxe4 fxe4 14. f4 exf3 15.
Bxf3 Nd7 16. Nd3 O-O 17. Bd2 Nf6 18. Nf2 Bg6 19. Qb3 Bh5 20. Bxh5 Nxh5 21. Ng4
Ng3 22. Rxf8+ Rxf8 23. Ne5 Bxe5 24. dxe5 Qxe5 25. Qd3 Qf6 26. Be1 Qf1+ 27. Qxf1
Rxf1+ 28. Kh2 Nf5 29. b4 Nxe3 30. Bc3 Rxa1 31. Bxa1 b5 32. Bd4 Nc4 33. Bxa7
Nxa3 34. Bc5 Kf7 35. Kg3 Ke6 36. Kf3 Ke5 37. Ke3 Nc2+ 38. Kd3 Ne1+ 39. Kc3 Ke4
40. g3 Nd3 41. Bf8 d4+ 42. Kd2 g6 43. h4 Ne5 44. Kc2 d3+ 0-1

[Event "4NCL Division 3 North"]
[Site "Doncaster, ENG"]
[Date "2017.11.12"]
[Round "2.76"]
[White "Pardoe, David"]
[Black "Graham, Neil"]
[Result "0-1"]
[WhiteElo "1787"]
[BlackElo "1800"]
[PlyCount "118"]
[EventDate "2017.11.12"]
[WhiteTeam "Manchester Manticores 4"]
[BlackTeam "Ashfield-Breadsall 2"]

1. d4 d5 2. c4 Bf5 3. Nc3 e6 4. e3 Nf6 5. Bd3 Bg6 6. h4 Nc6 7. a3 Bxd3 8. Qxd3
dxc4 9. Qxc4 a6 10. Nf3 Nd5 11. b4 Nxc3 12. Qxc3 Qd5 13. Bb2 Be7 14. Rc1 a5 15.
bxa5 Qxa5 16. e4 Bf6 17. Qxa5 Rxa5 18. e5 Be7 19. Rc3 Rb5 20. Bc1 O-O 21. O-O
Ra8 22. Rd1 h6 23. g3 Rb1 24. Nd2 Rb5 25. Nf3 Rd8 26. Kg2 f6 27. Bf4 fxe5 28.
Nxe5 Nxe5 29. Bxe5 Rxe5 30. Rxc7 Bf8 31. Rxb7 Red5 32. a4 Rxd4 33. Ra1 R4d7 34.
Rb6 Rd6 35. Rb7 Ra6 36. Rc7 Rd4 37. Rb1 Ra8 38. Re1 e5 39. Rb7 e4 40. Rc1 Rdxa4
41. Re1 Rc8 42. Re2 Rd4 43. Ra2 Re8 44. Re2 Rd3 45. Rbb2 e3 46. fxe3 Rdxe3 47.
Rec2 Bd6 48. Rc6 Bxg3 49. Rb7 Bxh4 50. Rg6 Bf6 51. Rb6 Kf7 52. Rg4 Re2+ 53. Kf1
Rb2 54. Rc6 Ra8 55. Rc7+ Kf8 56. Rc1 Rh2 57. Kg1 Rd2 58. Rf4 Kg8 59. Kf1 Ra1
0-1

[Event "4NCL Division 3 North"]
[Site "Doncaster, ENG"]
[Date "2017.11.12"]
[Round "2.81"]
[White "Ackley, Peter J E"]
[Black "Paul, Nathanael"]
[Result "1/2-1/2"]
[WhiteElo "2029"]
[BlackElo "1997"]
[PlyCount "49"]
[EventDate "2017.11.12"]
[WhiteTeam "Spirit of Atticus B"]
[BlackTeam "Shropshire 2"]

1. d4 d5 2. Nc3 Nf6 3. Bg5 c6 4. e3 Nbd7 5. f4 e6 6. Bd3 Be7 7. Nf3 c5 8. O-O
O-O 9. Kh1 a6 10. Ne5 Qc7 11. Qf3 c4 12. Be2 b5 13. Qg3 g6 14. Qh4 Bd8 15. Rf3
b4 16. Rh3 bxc3 17. Nxd7 Qxd7 18. Bxf6 Bxf6 19. Qxf6 Qd8 20. Qxd8 Rxd8 21. Rf3
Rb8 22. Rff1 Rxb2 23. Rfc1 Bd7 24. Kg1 Ba4 25. Bd1 1/2-1/2

[Event "4NCL Division 3 North"]
[Site "Bolton, ENG"]
[Date "2018.01.13"]
[Round "3.12"]
[White "Bak, Andrew"]
[Black "Delaney, Killian"]
[Result "1/2-1/2"]
[WhiteElo "1988"]
[BlackElo "2196"]
[PlyCount "109"]
[EventDate "2018.01.13"]
[WhiteTeam "Bradford DCA Knights B"]
[BlackTeam "Gonzaga"]

1. e4 c6 2. d4 d5 3. e5 c5 4. c4 cxd4 5. Qxd4 Nc6 6. Qxd5 Qc7 7. Nf3 Bf5 8. Be2
e6 9. Qb5 Bb4+ 10. Bd2 a6 11. Qa4 Bxd2+ 12. Nbxd2 Nge7 13. O-O O-O 14. Rfd1
Nxe5 15. Nxe5 Qxe5 16. Bf3 Qxb2 17. Qb3 Qxb3 18. Nxb3 Nc6 19. Nc5 Rac8 20. Nxb7
Ne5 21. Be2 Nxc4 22. Rdc1 Na3 23. Nd6 Ra8 24. Nxf5 exf5 25. Rc3 Nb5 26. Bxb5
axb5 27. Rb3 Ra5 28. f4 g6 29. Rab1 Rxa2 30. Rxb5 Re8 31. Rb8 Rxb8 32. Rxb8+
Kg7 33. Rb7 Ra4 34. g3 Ra2 35. Rc7 Re2 36. Ra7 h6 37. h4 Kf6 38. Ra6+ Re6 39.
Ra8 Re2 40. Ra6+ Ke7 41. h5 Re6 42. Ra7+ Kf6 43. hxg6 fxg6 44. Rh7 h5 45. Kf2
Rb6 46. Rh8 Rb2+ 47. Kf3 Rb3+ 48. Kg2 Kg7 49. Ra8 Rc3 50. Rb8 Rc1 51. Ra8 Rc4
52. Kf3 Rb4 53. Rc8 g5 54. Rc7+ Kg6 55. Rc6+ 1/2-1/2

[Event "4NCL Division 3 North"]
[Site "Bolton, ENG"]
[Date "2018.01.13"]
[Round "3.14"]
[White "Barker, Arron"]
[Black "Murray, David"]
[Result "0-1"]
[WhiteElo "1885"]
[BlackElo "2133"]
[PlyCount "76"]
[EventDate "2018.01.13"]
[WhiteTeam "Bradford DCA Knights B"]
[BlackTeam "Gonzaga"]

1. e4 c5 2. Nf3 Nc6 3. Bb5 d6 4. Bxc6+ bxc6 5. c4 g6 6. O-O Bg7 7. Nc3 e6 8.
Re1 Ne7 9. d3 Rb8 10. Qc2 O-O 11. b3 e5 12. a3 Bg4 13. Nd2 g5 14. b4 cxb4 15.
axb4 Qc7 16. Qa4 Rb7 17. Nf1 h6 18. Be3 f5 19. f3 Bh5 20. Nd2 f4 21. Bf2 g4 22.
fxg4 Bxg4 23. Nf3 Kh7 24. Kf1 Rg8 25. Ke2 Bf6 26. Kd2 Bxf3 27. gxf3 Rg2 28. Re2
Rxh2 29. Bxa7 Rh3 30. Rf2 Nc8 31. Nd5 cxd5 32. Qe8 Rxa7 33. Rg2 Bg5 34. Qe6
Rxa1 35. Qf5+ Kg7 36. Rxg5+ hxg5 37. Qxg5+ Kh8 38. Qf6+ Qg7 0-1

[Event "4NCL Division 3 North"]
[Site "Bolton, ENG"]
[Date "2018.01.13"]
[Round "3.15"]
[White "Freeman, Gordon"]
[Black "McCarthy, Damian"]
[Result "1-0"]
[WhiteElo "2156"]
[BlackElo "1853"]
[PlyCount "107"]
[EventDate "2018.01.13"]
[WhiteTeam "Gonzaga"]
[BlackTeam "Bradford DCA Knights B"]

1. d4 Nf6 2. Nf3 d5 3. c4 e6 4. g3 Be7 5. Bg2 O-O 6. O-O dxc4 7. Qc2 c5 8. dxc5
Qc7 9. Qxc4 Qxc5 10. Qxc5 Bxc5 11. Ne5 Nbd7 12. Nd3 Be7 13. Nd2 Nc5 14. Nxc5
Bxc5 15. Nb3 Bb6 16. Bd2 Nd5 17. Rfd1 Re8 18. Rac1 Bd7 19. Ba5 Bc6 20. Bxb6
axb6 21. a3 Ba4 22. Rd3 Rac8 23. Rxc8 Rxc8 24. Bxd5 exd5 25. Nd4 Rc1+ 26. Kg2
Kf8 27. h4 h5 28. Kf3 g6 29. Ke3 Ke7 30. Nf3 Rc2 31. Rd2 Rc5 32. Rd4 Bc6 33.
Rb4 Rb5 34. Rxb5 Bxb5 35. Nd4 Bd7 36. Kd3 Kd6 37. e3 f6 38. f4 Bf5+ 39. Kc3 Be4
40. Ne2 Kc5 41. b4+ Kd6 42. Kd4 Bf5 43. Nc3 Be6 44. b5 Bf7 45. f5 gxf5 46. Ne2
Be8 47. Nf4 Bf7 48. a4 Ke7 49. Nxd5+ Bxd5 50. Kxd5 Kd7 51. e4 fxe4 52. Kxe4 Ke6
53. Kf4 Ke7 54. g4 1-0

[Event "4NCL Division 3 North"]
[Site "Bolton, ENG"]
[Date "2018.01.13"]
[Round "3.16"]
[White "Adam, David W"]
[Black "Moran, Stephen"]
[Result "0-1"]
[WhiteElo "1882"]
[BlackElo "2120"]
[PlyCount "112"]
[EventDate "2018.01.13"]
[WhiteTeam "Bradford DCA Knights B"]
[BlackTeam "Gonzaga"]

1. c4 c5 2. Nc3 Nc6 3. g3 g6 4. Bg2 Bg7 5. d3 e6 6. e4 Nge7 7. Nge2 O-O 8. O-O
d6 9. Rb1 b6 10. a3 Bb7 11. b4 Qd7 12. Bd2 Rae8 13. Qc2 f5 14. f4 Nd4 15. Nxd4
cxd4 16. Nd1 Rc8 17. Qb3 Kh8 18. Re1 e5 19. fxe5 dxe5 20. Nf2 Rce8 21. Bh3 a6
22. Rbc1 Ng8 23. c5 b5 24. Qd1 Bc6 25. Rc2 Qf7 26. exf5 gxf5 27. Bg2 Bxg2 28.
Kxg2 Qd5+ 29. Kg1 e4 30. Bf4 e3 31. Nh3 Ne7 32. Bd6 Be5 33. Qh5 Bf6 34. Nf4 Qf7
35. Qxf7 Rxf7 36. Nh5 Nc6 37. Nxf6 Rxf6 38. Rce2 Kg7 39. Rf1 Kg6 40. Kg2 Ra8
41. Bc7 Ra7 42. Bb6 Rd7 43. Rf4 Kf7 44. Rf1 Ke6 45. Ra1 Ne5 46. a4 f4 47. gxf4
Nxd3 48. Kg1 Kd5 49. axb5 axb5 50. Rd1 Ke4 51. Rf1 Nxb4 52. Ba5 Nc6 53. Be1
Rxf4 54. Rxf4+ Kxf4 55. Kg2 d3 56. Bg3+ Ke4 0-1

[Event "4NCL Division 3 North"]
[Site "Bolton, ENG"]
[Date "2018.01.13"]
[Round "3.21"]
[White "Reeve, Andy K"]
[Black "Mulleady, Peter J"]
[Result "1-0"]
[WhiteElo "2185"]
[BlackElo "2065"]
[PlyCount "49"]
[EventDate "2018.01.13"]
[WhiteTeam "3Cs 2"]
[BlackTeam "Manchester Manticores 2"]

1. c4 f5 2. Nf3 Nf6 3. g3 g6 4. Bg2 Bg7 5. O-O O-O 6. d3 d6 7. Nc3 e5 8. Rb1 a5
9. a3 h6 10. b4 g5 11. c5 Qe8 12. cxd6 cxd6 13. bxa5 Rxa5 14. Qb3+ Qf7 15.
Qxf7+ Rxf7 16. Nb5 Ra6 17. Bd2 g4 18. Nh4 Kh7 19. Rfc1 Bd7 20. Rc7 Rf8 21. Rxb7
Bxb5 22. R1xb5 Nfd7 23. Bb4 h5 24. Bd5 Kh6 25. Be6 1-0

[Event "4NCL Division 3 North"]
[Site "Bolton, ENG"]
[Date "2018.01.13"]
[Round "3.22"]
[White "Newton, Robert A"]
[Black "Clarke, Stuart W"]
[Result "0-1"]
[WhiteElo "2027"]
[BlackElo "2226"]
[PlyCount "84"]
[EventDate "2018.01.13"]
[WhiteTeam "Manchester Manticores 2"]
[BlackTeam "3Cs 2"]

1. d4 e6 2. Nf3 Nf6 3. Bf4 b6 4. Nbd2 Bb7 5. e3 Be7 6. Bd3 Nh5 7. Bg3 d6 8. Qe2
Nd7 9. h4 Nxg3 10. fxg3 c5 11. c3 a6 12. g4 Qc7 13. g5 d5 14. e4 Qg3+ 15. Kf1
dxe4 16. Nxe4 Qf4 17. h5 O-O 18. Rh4 Qc7 19. Rg4 Rae8 20. Re1 cxd4 21. cxd4 Bb4
22. Rd1 Kh8 23. a3 Bd6 24. Bxa6 Bxa6 25. Qxa6 e5 26. Nxd6 Qxd6 27. Re4 Nc5 28.
dxc5 Qxd1+ 29. Re1 Qd5 30. cxb6 e4 31. Nh2 Re6 32. Qa7 Qb5+ 33. Re2 Qxb6 34.
Qxb6 Rxb6 35. Rxe4 Rxb2 36. Nf3 h6 37. Kg1 hxg5 38. Nxg5 Rb5 39. Rg4 Rf5 40. a4
Ra8 41. Kh2 Raa5 42. Nh3 Rxh5 0-1

[Event "4NCL Division 3 North"]
[Site "Bolton, ENG"]
[Date "2018.01.13"]
[Round "3.23"]
[White "Siddall, Phil L"]
[Black "Hamer, Martyn"]
[Result "0-1"]
[WhiteElo "2117"]
[BlackElo "2065"]
[PlyCount "76"]
[EventDate "2018.01.13"]
[WhiteTeam "3Cs 2"]
[BlackTeam "Manchester Manticores 2"]

1. Nf3 Nf6 2. d4 g6 3. g3 Bg7 4. Bg2 O-O 5. O-O d6 6. c4 Nc6 7. Nc3 a6 8. d5
Na5 9. Qd3 c5 10. Bf4 b5 11. Nd2 Nxc4 12. Nxc4 bxc4 13. Qxc4 a5 14. Qd3 Ba6 15.
Qd2 Rb8 16. Rfe1 Nd7 17. b3 Ne5 18. Bh6 Qb6 19. Bxg7 Kxg7 20. h3 c4 21. Rab1
cxb3 22. Rxb3 Qa7 23. Ne4 Nc4 24. Qc3+ Kg8 25. Qc1 Kg7 26. Qa1+ Kg8 27. g4 a4
28. Rg3 Rb2 29. Ra3 Qb6 30. Rxa4 Rb8 31. Qc1 Rc8 32. Qc3 Qb5 33. Rxa6 Qxa6 34.
Qc1 Rxa2 35. Qh6 f6 36. f4 Ra1 37. Nxf6+ exf6 38. Be4 Qa7+ 0-1

[Event "4NCL Division 3 North"]
[Site "Bolton, ENG"]
[Date "2018.01.13"]
[Round "3.32"]
[White "Somton, Anita"]
[Black "Boswell, Jacob Connor"]
[Result "1/2-1/2"]
[WhiteElo "1967"]
[BlackElo "2027"]
[PlyCount "108"]
[EventDate "2018.01.13"]
[WhiteTeam "Ashfield-Breadsall 1"]
[BlackTeam "Cheddleton 2"]

1. e4 e5 2. Nf3 Nc6 3. Bc4 Bc5 4. c3 Nf6 5. d3 O-O 6. Bg5 h6 7. Bh4 d6 8. Bb3
a5 9. Nbd2 Be6 10. Qe2 a4 11. Bc2 b5 12. a3 Re8 13. O-O d5 14. exd5 Bxd5 15.
Ne4 Be7 16. Bg3 Nxe4 17. dxe4 Bc4 18. Qe3 Bxf1 19. Rxf1 Bd6 20. Bd3 Na7 21. Nh4
Qg5 22. Qe2 c6 23. Nf5 Bf8 24. f4 Bc5+ 25. Kh1 Qg6 26. fxe5 Rad8 27. Nd6 Bxd6
28. exd6 Rxd6 29. Bxd6 Qxd6 30. Qf3 Re7 31. Bb1 Qe6 32. Qg3 Nc8 33. Qb8 Re8 34.
Qf4 Nd6 35. Re1 Qe5 36. Qf3 Re7 37. Kg1 f5 38. Ba2+ Kh7 39. Bb1 fxe4 40. Qe2
Kh8 41. Qe3 Re8 42. Kh1 Qf6 43. Qe2 e3 44. Qd3 Re4 45. Qe2 Rf4 46. Qxe3 Rf1+
47. Rxf1 Qxf1+ 48. Qg1 Qe2 49. Qb6 Qd1+ 50. Qg1 Qd2 51. Qf1 Kg8 52. Ba2+ Kh7
53. Bb1+ g6 54. h4 Qd5 1/2-1/2

[Event "4NCL Division 3 North"]
[Site "Bolton, ENG"]
[Date "2018.01.13"]
[Round "3.33"]
[White "Edwards, Simon R"]
[Black "Combie, Alex B"]
[Result "0-1"]
[WhiteElo "1940"]
[BlackElo "1960"]
[PlyCount "52"]
[EventDate "2018.01.13"]
[WhiteTeam "Cheddleton 2"]
[BlackTeam "Ashfield-Breadsall 1"]

1. e4 c5 2. Nf3 d6 3. d4 cxd4 4. Nxd4 Nf6 5. Nc3 a6 6. Bg5 e6 7. f4 h6 8. Bh4
Qb6 9. Qd2 Qxb2 10. Rb1 Qa3 11. Bd3 Nbd7 12. O-O Qc5 13. Bf2 Qc7 14. Be2 b5 15.
Bf3 Bb7 16. Ndxb5 axb5 17. Nxb5 Qa5 18. Nxd6+ Bxd6 19. Qxd6 Bxe4 20. Be2 Qd5
21. Qb4 Bxg2 22. Rfd1 Qe4 23. Bc4 Bh3 24. Qb8+ Rxb8 25. Rxb8+ Nxb8 26. Bb5+
Nbd7 0-1

[Event "4NCL Division 3 North"]
[Site "Bolton, ENG"]
[Date "2018.01.13"]
[Round "3.34"]
[White "Naylor, Michael A"]
[Black "Floresc, Petru"]
[Result "1-0"]
[WhiteElo "1937"]
[BlackElo "1802"]
[PlyCount "63"]
[EventDate "2018.01.13"]
[WhiteTeam "Ashfield-Breadsall 1"]
[BlackTeam "Cheddleton 2"]

1. e4 c5 2. Nf3 g6 3. c4 Bg7 4. d4 cxd4 5. Nxd4 Nc6 6. Be3 Nf6 7. Nc3 d6 8. Be2
O-O 9. O-O Bd7 10. Qd2 Re8 11. Rac1 Rc8 12. b3 Qa5 13. Rfd1 a6 14. f3 Qe5 15.
Na4 Nxd4 16. Bxd4 Qh5 17. Nb6 Rc6 18. Bxf6 Rxb6 19. Bxg7 f6 20. Bxf6 exf6 21.
c5 Rc6 22. cxd6 Qe5 23. Rxc6 Bxc6 24. Bc4+ Kg7 25. Qd4 Qf4 26. Qb6 Re5 27. d7
Rh5 28. d8=Q Qxh2+ 29. Kf1 Qh1+ 30. Qg1 Qh4 31. Qg8+ Kh6 32. Qf8+ 1-0